[Event "FIDE-Wch k.o."]
[Site "Groningen"]
[Date "1997.12.30"]
[Round "7.6"]
[White "Adams, Michael"]
[Black "Anand, Viswanathan"]
[Result "1/2-1/2"]
[WhiteElo "2680"]
[BlackElo "2765"]
[Annotator "Bangiev,A"]
[PlyCount "77"]
[EventDate "1997.12.09"]
[EventType "k.o."]
[EventRounds "7"]
[EventCountry "NED"]
[SourceTitle "CBM 063"]
[Source "ChessBase"]
[SourceDate "1998.03.26"]
[SourceVersion "1"]
[SourceVersionDate "1998.03.26"]
[SourceQuality "1"]

1. e4 c5 2. Nc3 Nc6 3. f4 g6 4. Nf3 Bg7 5. Bb5 Nd4 6. O-O a6 7. Bd3 d6 8. Nxd4
cxd4 9. Ne2 Nf6 10. Kh1 Nd7 {/\Nc5} (10... O-O 11. Nxd4 $5) 11. b4 $5 {[%csl
Gc5]} O-O 12. Bb2 {[%cal Rb2d4]} Qb6 13. Rb1 $14 {[%cal Yb1b4]} Nb8 $5 {/\Nc6}
(13... e5 14. c3 (14. f5 $5 gxf5 15. Rxf5 {mit weißer Initiative am
Königsflügel.}) 14... dxc3 15. Bxc3 (15. Nxc3 Qxb4 16. Nd5 Qa5 $13) 15... exf4
$5 16. Bxg7 Kxg7 17. Rxf4 (17. Nxf4 Ne5 $132) 17... Ne5 18. Bc2 Bg4 $132) 14.
c3 (14. f5 $5 Nc6 15. Nf4 $5) 14... Nc6 15. h3 (15. a4 Bg4 $11) 15... Be6 16.
a4 Rac8 17. Qe1 $1 {/\Qf2} (17. b5 $6 axb5 18. axb5 dxc3 19. Bxc3 Nd4 $132) (
17. a5 $5 Qa7 18. Qe1) 17... dxc3 18. Bxc3 Bxc3 19. dxc3 {/\f4-f5-f6} f6 $1 (
19... f5 $6 20. exf5 Bxf5 21. Bxf5 Rxf5 22. Ng3 Rf7 23. Qe6 $36) 20. a5 Qc7 21.
Qg3 {[%cal Yg4g6] /\e5; /\f5 gefolgt von Nf4 -> Punkt g6} Bf7 (21... Rcd8 22.
f5 Bf7 23. fxg6 hxg6 24. Nf4 Ne5 25. c4 $14) 22. h4 (22. f5 Ne5 $132) 22... Kh8
23. Qh3 $5 {[%cal Yh4h5,Yc3c4,Yb4b5,Ye2d4,Yd4e6] /\h4-h5, /\c4,b5 gefolgt von
Nd4-> e6} Rcd8 $1 {[%cal Yd6d5,Yb7b6] /\Qc8, /\b6, /\d5} (23... b6 $2 24. Bxa6)
24. c4 (24. h5 gxh5 25. Ng3 Qc8 $15) 24... b6 $1 25. axb6 Qxb6 {[%cal Yb6d4,
Yb6b4] Dies soll den Punkt d4 decken.} 26. b5 axb5 27. cxb5 Na5 $132 (27... Nd4
$6 28. Qe3 e5 29. Ra1 $36) 28. h5 $5 gxh5 29. Ng3 (29. f5 Rg8 30. Nf4 Rg5 $17)
29... Qe3 30. Rf3 Qc5 31. b6 Nb3 32. e5 $1 {[%cal Yd3h7,Yh3h7]} dxe5 (32... Nd2
33. Nxh5 Nxb1 34. Nxf6 $18) 33. Nxh5 e4 $5 (33... Bxh5 34. Bxh7 $1 $40 (34.
Qxh5 $2 e4) 34... Nc1 $5 35. Bc2 (35. Qxh5 Rd1+ 36. Kh2 Qg1+ $19) 35... exf4
36. Rxc1 Qg5 37. Rxf4 $36) 34. Bxe4 (34. Nxf6 $5 exf6 35. Bxe4 f5 (35... Bg8
36. Rfxb3 $18) 36. Bxf5 Bg8 37. Bxh7 Bxh7 38. Rfxb3 Rxf4 39. b7 Rb8 40. Rc3 Qd6
(40... Qe5 41. Rc8+ Rf8 42. Rxf8+ Rxf8 43. Qc8 $18) 41. Rc8+ Rf8 42. Qc3+ Kg8
$11) 34... Nd2 35. Nxf6 $1 h5 $8 36. Rc3 Qa5 (36... Qxc3 $2 37. Qf5) (36...
Nxe4 37. Nxe4 $16) 37. Ra3 Qc5 38. Rc3 Qa5 39. Ra3 1/2-1/2

[Event "Pula zt 1.2"]
[Site "Pula"]
[Date "2000.04.12"]
[Round "2"]
[White "Jakubovic, Nedzad"]
[Black "Lutz, Christopher"]
[Result "1/2-1/2"]
[WhiteElo "2368"]
[BlackElo "2587"]
[Annotator "Bangiev,A"]
[PlyCount "71"]
[EventDate "2000.04.11"]
[EventType "swiss"]
[EventRounds "11"]
[EventCountry "CRO"]
[SourceTitle "CBM 077"]
[Source "ChessBase"]
[SourceDate "2000.07.27"]
[SourceVersion "1"]
[SourceVersionDate "2000.07.27"]
[SourceQuality "1"]

1. e4 c5 2. Nc3 Nc6 3. f4 g6 4. Nf3 Bg7 5. Bc4 e6 6. f5 Nge7 7. fxe6 dxe6 8. d3
Nd4 9. O-O O-O 10. Nxd4 cxd4 11. Ne2 Nc6 12. Qe1 {Der Anziehende beabsichtigt
damit mittels 13.Bd2 das schwarze Gegenspiel am Damenflügel wesentlich
anzuschränken.} Na5 {Schwarz beabsichtigt damit, den aktiven weißen Läufer zu
tauschen.} (12... e5 13. Bd2) (12... Kh8 13. Bd2 f5 $5) 13. Bb5 $1 {Der
Anziehende demonstriert hier den neuen Plan, der allerdins meiner Meinung nach
die Chancen von Weiss in diesem Abspiel wesentlich verbessern soll.} a6 (13...
f5 14. Bd2 Nc6 15. Ng3 Qb6 16. Bc4 $36) 14. Ba4 b5 15. Bd2 $1 $36 {[%mdl 8]
Dies ist der wichtige Zwischenzug. Das Ziel besteht darin, um den
weißfeldrigen Läufer zu behalten.} Nb7 {Der Springer zieht zurück. Ein Beweis
dafür, daß es ist dem Schwarzen nicht gelungen, seinen Plan zu verwirklichen.}
(15... Nc6 16. Bb3 a5 17. a4 b4 18. Qg3) (15... bxa4 16. Bxa5 $14) 16. Bb3 a5
17. a3 (17. a4 Nc5 $1 18. axb5 Nxb3 19. cxb3 Qb6 20. Rxa5 Rxa5 21. Bxa5 Qxb5
$132) 17... Bd7 18. Qg3 Rc8 {/\ 19..a4} 19. Rac1 Nc5 20. Ba2 $14 {Der
Anziehende hat den ersten Ansturm am Damenflügel überstanden und droht nun
mittels 21.e5 die schwarzen Stellung am Königflügel stark unter Druck setzen.}
b4 $5 {Das umstrittene Bauernopfer mit der Absicht den Anziehenden von seiner
Aktivität am Königsflügel abzulehnken.} (20... Qb6 21. e5 $5 (21. Bf4 $6 b4 22.
axb4 (22. Bd6 $2 Nxe4 $1 23. dxe4 d3+ 24. Rf2 dxe2 25. Bxf8 Rxc2 $17) 22...
axb4 $36 23. Bd6 $6 Nxe4 $1) 21... Na4 $5 (21... b4 22. axb4 axb4 23. Bg5 $36 {
/\Bf6} Na4 24. Bf6 Bh6 25. Nf4 $16 {/\Qh4}) 22. Bg5 $1 (22. b4 Nc3 23. Nxc3
dxc3+ 24. Be3 Qc7 $132) 22... Nxb2 23. Bf6 $1 {Dieses Bauernopfer sieht
durchaus vielversprechend. z.B.} Bh6 24. Nf4 Rfe8 25. Qh4 Bf8 26. Rf3 $18 {
[%cal Rf3h3,Rh4h7]}) (20... Na4 21. Qe1 $5 (21. b4 Nc3 22. Nxc3 dxc3 23. Be3
$14) 21... Nxb2 (21... Ra8 22. b4 axb4 23. Bxb4) 22. Bxa5 Qg5 23. Bb4 (23. Qf2
f5 $5) 23... Rfe8 24. Qf2 Qe3 25. Qxe3 dxe3 26. Rf3 $16) 21. axb4 axb4 22. Bxb4
Qb6 23. Qe1 {Weiß wählt hier einen sicheren, aber passiven Plan und wollte
damit jedes Risiko vermeiden.} (23. Ba3 $1 Ba4 24. Rf2 Bh6 25. Nf4 $16) 23...
Ra8 24. Bc4 (24. Ba3 $5) 24... Rfc8 25. b3 Be8 26. Kh1 Nd7 27. Bd2 Ne5 28. Qh4
Ra2 29. Bh6 Qd8 30. Bg5 (30. Qxd8 Rxd8 31. Bxg7 Kxg7 $132 {/\Nc4 gefolgt von
Ba4}) 30... Qd6 31. h3 {Dies sollte Ng4 verhindern.} (31. Be7 $5 Qb6 32. Bf6
Bxf6 33. Qxf6 Qd6 (33... Ng4 34. Qxd4) 34. h3 Rca8 $132) 31... Nxc4 (31... Rca8
$5) 32. bxc4 e5 33. Be7 Qe6 34. Ng3 Rc6 35. c5 f6 36. Bd6 $13 1/2-1/2

[Event "UKR-ch KO 74th"]
[Site "Rivne"]
[Date "2005.08.27"]
[Round "2.3"]
[White "Borovikov, Vladislav"]
[Black "Moroz, Alexander"]
[Result "1-0"]
[WhiteElo "2595"]
[BlackElo "2487"]
[Annotator "Bangiev,A"]
[PlyCount "61"]
[EventDate "2005.08.24"]
[EventType "k.o."]
[EventRounds "5"]
[EventCountry "UKR"]
[SourceTitle "CBM 109"]
[Source "ChessBase"]
[SourceDate "2005.11.14"]
[SourceVersion "1"]
[SourceVersionDate "2005.11.14"]
[SourceQuality "1"]

1. e4 c5 2. Nc3 Nc6 3. Nge2 Nd4 4. d3 d6 5. Be3 e5 6. Nd5 Ne7 (6... Nf6 7.
Nxf6+ Qxf6 8. c3 Nxe2 9. Bxe2 Be7 10. O-O O-O 11. f4 exf4 12. Bxf4 Qe6 13. Bf3
Bf6 $14 {0-1 Knoppert,E-Milov,V/Tilburg 1994/CBM 044 (57)}) 7. Nec3 Nec6 8. g3
Be7 9. Bg2 O-O 10. O-O Rb8 {/\b5-b4} (10... b5 $5) 11. a3 (11. f4 exf4 (11...
b5 12. f5 $36) 12. Nxf4 b5 (12... Nb4 13. Rf2) 13. Ncd5) 11... b5 12. b4 $1 {
Der Vorstoß b4 ist damit blockiert.} a6 (12... a5 $5) 13. f4 {/\f5} exf4 (13...
f5 14. bxc5 dxc5 15. Nxe7+ Nxe7 (15... Qxe7 16. Nd5) 16. fxe5 $14) 14. Bxf4 {
/\dc5} (14. gxf4 f5 $5) 14... Bg5 $1 (14... Be6 15. bxc5) (14... Ne6 15. Qh5
Nxf4 16. gxf4 {/\f5} f5 17. Rae1 {Das Feld e7 ist angegriffen} Be6 18. Re3 $36)
15. Qd2 Bxf4 16. gxf4 {/\f5} (16. Rxf4 Be6) 16... f5 17. Rae1 Bb7 18. Nd1 Ne7
19. Nxe7+ Qxe7 20. c3 (20. exf5 $6 Qf6) 20... Nc6 21. Ne3 fxe4 22. dxe4 $14
Rbd8 23. Qf2 (23. Qd5+ $5 Kh8 24. Qh5) 23... cxb4 24. axb4 Nb8 {Weiß steht
offenbar besser: man beachte Raumvorteil, optimale Figurenaufstellung. Wo soll
er angreifen? Die auffällige Stellungsschwäche stellt der Bauer auf g7 dar,
der Springer b8 sowie der Läufer b7 sind weit davon entfernt. Der Plan soll so
aussehen: Nf5 und Qg3, oder Qg3 dann Nf5. Das Feld g7 steht aber fest unter
schwarzer Kontrolle. Es gibt noch ein Feld, das Weiß erreichen möchte, das
Feld e7. Um dieses zu erreichen soll man die e-Linie öffnen und erobern.} 25.
Qg3 (25. Nf5 Qf6 (25... Qf7 26. Qh4 $1) 26. Qd4 $14 (26. Qg3 d5 $1)) (25. Nd5
Bxd5 26. exd5 Qf6 $14) 25... Bxe4 (25... Nc6 26. Nd5) (25... Nd7 26. Nf5 Qf6
27. Rd1) 26. Nd5 $1 Qa7+ 27. Kh1 Bxg2+ (27... Bxd5 28. Bxd5+ Kh8 29. f5 Qc7 30.
Re6 Nc6 31. Qh4 $40) 28. Qxg2 {[%csl Ge7] Nun kontrolliert Weiß das Feld e7, /
\Re7, verfügt über den sicheren Vorposten auf d5,e6,f5.} Nc6 (28... Rf7) 29.
Re6 Qf7 (29... Kh8) 30. f5 Ne5 $2 {[%mdl 8192]} (30... Kh8 31. f6 g6 32. Qe4)
31. Re7 $18 1-0

[Event "Hoogovens-B"]
[Site "Wijk aan Zee"]
[Date "1998.01.22"]
[Round "3"]
[White "Reinderman, Dimitri"]
[Black "Alterman, Boris"]
[Result "1/2-1/2"]
[WhiteElo "2480"]
[BlackElo "2615"]
[Annotator "Bangiev,A"]
[PlyCount "81"]
[EventDate "1998.01.20"]
[EventType "tourn"]
[EventRounds "11"]
[EventCountry "NED"]
[EventCategory "10"]
[SourceTitle "CBM 063"]
[Source "ChessBase"]
[SourceDate "1998.03.26"]
[SourceVersion "1"]
[SourceVersionDate "1998.03.26"]
[SourceQuality "1"]

1. e4 c5 2. Nc3 Nc6 3. f4 g6 4. Nf3 Bg7 5. Bb5 Nd4 6. O-O Nxb5 7. Nxb5 d5 8. e5
a6 9. Nc3 d4 10. Ne4 Qd5 11. d3 Nh6 (11... Bg4 12. Qe1 Bxf3 13. Rxf3 Nh6 14.
Qa5 $36 {[%cal Ya5c5,Yb2b4,Yb4c5]}) 12. Qe1 $1 O-O (12... Bg4 13. Qa5 $5) 13.
a4 $5 {[%csl Yb6] /\a5} (13. Qa5 $6 Bf5 $1 14. Nxc5 (14. Qxc5 $2 Bxe4) 14... b6
15. Qxb6 Rfb8 $132 16. Na4 $8 Rxb6 17. Nxb6 Qd8 18. Nxa8 Qxa8 $15) 13... b6 (
13... Rb8 14. a5 b5 15. axb6 Rxb6 16. b3 $14 {[%csl Ya6,Yc5]}) 14. a5 $5 {
Dies soll den Punkt b6 und anschließend die Punkte c5 und d4 schwächen.} b5 15.
b4 $5 cxb4 16. Qxb4 {[%cal Rb4e7,Rb4d4]} Nf5 17. Bb2 {[%cal Rb2d4,Rb4d4,Rf3d4]}
Rd8 18. Rf2 $1 {[%csl Gc2] Damit wird die weiße Stellung verstärkt: es droht
19.g4 bzw. 19.Ng3; die Punkte c2 bzw. g2 werden gedeckt.} (18. Ng3 Ne3 (18...
Nxg3 19. hxg3 $14) 19. Rf2 Bb7 20. Bxd4 Nxg2 $6 21. Bb6 $1 $16) (18. g4 $2 Ne3
$17) 18... h5 {[%csl Gg4]} (18... Bb7 19. g4 Ne3 20. h3 Rac8 21. Rc1 {[%cal
Rb4e7,Rb4d4]} f5 (21... Qa2 22. Bxd4 Nd5 23. Qd2 $16) 22. exf6 exf6 23. Bxd4)
19. Ng3 Bf8 20. Nxf5 Bxf5 21. Bxd4 $14 Bg4 22. Bb6 e6 23. Qe1 Bxf3 $5 (23...
Rd7 24. Nd4 $16) 24. Bxd8 Bxg2 25. Bb6 Bh3 26. c4 $6 (26. Qe3 Bf5 27. h3 (27.
Qd4 Qc6) 27... Rc8 28. Kh2 Kh7 29. Rg2 Be7 30. Rf1 $16 {/\Qf3}) 26... bxc4 27.
dxc4 Qc6 28. Qe3 Bf5 29. Rc1 Rc8 30. Rd2 Kg7 31. Rd4 Bc5 $5 {[%csl Ya5]} 32.
Bxc5 Qxc5 {[%csl Ra5]} 33. Kf2 (33. Qc3 $142) 33... Rb8 $5 (33... Qxa5 $132)
34. Rd2 (34. Qc3 Rb3 35. Qxb3 Qxd4+ 36. Qe3 Qb2+ 37. Kg3 h4+ 38. Kf3 Qxh2 $132)
34... Qxa5 35. c5 Rb3 $1 $11 36. Qd4 (36. Qxb3 $2 Qxd2+) 36... Rb4 37. Qd8
Rxf4+ 38. Kg1 Rg4+ 39. Kf2 Rf4+ 40. Kg1 Rg4+ 41. Kf2 1/2-1/2

[Event "POL-ch 57th"]
[Site "Plock"]
[Date "2000.05.08"]
[Round "11"]
[White "Hnydiuk, Aleksander"]
[Black "Macieja, Bartlomiej"]
[Result "0-1"]
[WhiteElo "2352"]
[BlackElo "2538"]
[Annotator "Bangiev,A"]
[PlyCount "112"]
[EventDate "2000.04.28"]
[EventType "tourn"]
[EventRounds "13"]
[EventCountry "POL"]
[EventCategory "10"]
[SourceTitle "CBM 078"]
[Source "ChessBase"]
[SourceDate "2000.10.18"]
[SourceVersion "1"]
[SourceVersionDate "2000.10.18"]
[SourceQuality "1"]

1. e4 c5 2. Nc3 g6 3. d4 cxd4 4. Qxd4 Nf6 5. Bb5 {Dieser seltsam aussehende
Zug ist gegen Nc6 gerichtet.} (5. e5 Nc6 $36) 5... a6 $1 {Logisch. Der Läufer
b5 ist damit angegriffen, soll also der Anziehende 6.e5 spielen.} 6. e5 (6. Qa4
Nc6 7. Nf3 Qc7 8. Be3 Rb8 9. Bxc6 bxc6 10. Rb1 Bg7 11. O-O O-O 12. h3 d6 13.
Ne2 $6 c5 $36 {0-1 Muench,U-Weltz,E/Marktredwitz 1984/(28)}) 6... axb5 7. exf6
e6 $1 {Es droht 8...Nc6. Die Bauernschwäche auf f6 stellt für den Anziehenden
ein gewisses Problem dar.} (7... exf6 $6 {><d5}) 8. Bf4 $5 {[%mdl 8] Weiß
versucht damit die schwarzfeldrigen Schwächen im gegnerischen Lager
auszunutzen.} (8. Nxb5 Qa5+ 9. Nc3 (9. Qc3 $4 Bb4) 9... Nc6 $132 {0-1
Keitlinghaus,L-Watson,W/Prague 1992/(42)}) (8. Nf3 b4 9. Nb5 Nc6 10. Nd6+ Bxd6
11. Qxd6 Qxf6 12. O-O Qe7 {0-1 Donev,I-Khachian,M/Bela Crkva 1990/(38)}) 8...
Nc6 9. Qd2 Qxf6 $15 10. Nf3 (10. Nxb5 $2 Qxb2) 10... Bg7 (10... b4 $6 11. Nb5
$1 (11. Nd1 e5 $17) 11... Qxb2 12. O-O Rxa2 13. Rxa2 Qxa2 14. Nc7+ Kd8 15. Ng5
e5 16. Nd5 $36) 11. Bd6 $1 {Die Pointe der weißen Eröffnungsidee. Der schwarze
König muß nun in der Mitte bleiben.} (11. Nxb5 Qxb2 12. Nd6+ Ke7 13. O-O Qb4 $1
$17) 11... Qf5 12. O-O b4 13. Nd1 f6 {/\Kf7} 14. Ne3 $44 Qb5 {Weiß steht
aktiver, muß versuchen das Spiel zu öffnen.} 15. a3 $1 bxa3 16. c4 Qh5 17. bxa3
(17. Bxa3 $5 Kf7 18. Bd6 Ra6 19. b4 Rxa1 20. Rxa1 {mit der Eroberung der
a-Linie.}) 17... b6 (17... Kf7 18. c5 $5) 18. Rfb1 Qa5 19. Qxa5 $2 ({besser} 
19. Qb2 $1 $36 Kf7 20. Qxb6 $14) 19... bxa5 20. c5 {Weiß versucht damit die
Vorposten auf b6 und d6 aufzubauen.} Ba6 21. Nd2 Bf8 $1 {Nach dem Abtausch der
schwarzfeldrigen Läufer kann der schwache Bauer auf c5 nicht mehr die weißen
Vorposten auf b6 und d6 stützen.} 22. Bxf8 Rxf8 23. Rb6 Ke7 24. Rab1 Rfc8 $17
25. R1b2 Ra7 26. Ne4 Ne5 27. f4 Nd3 $19 28. Rd2 Nxc5 29. Nd6 Rc6 30. Rxc6 dxc6
31. Ndc4 a4 32. Rc2 Nd3 33. Na5 Rc7 34. g3 (34. Nxc6+ Kd6 35. Nd4 Rxc2 36.
Ndxc2 Nxf4 $19) 34... c5 35. Nd1 c4 36. Ne3 c3 37. Nac4 Bxc4 38. Rxc3 Nb2 39.
Rc2 Kd6 40. Rxb2 Bd5 41. Rb6+ Rc6 42. Rb4 Rc1+ 43. Kf2 Bc6 44. Rd4+ Kc5 45. Rd2
h5 46. Rc2+ Rxc2+ 47. Nxc2 Be4 48. Nb4 Kc4 49. Ke3 Bf5 50. Kd2 Kb3 51. Na6 Kxa3
52. Kc3 Ka2 53. Nc5 a3 54. Nb3 Kb1 55. Nd2+ Kc1 56. Nb3+ Kd1 0-1

[Event "WchT 4th"]
[Site "Luzern"]
[Date "1997.11.01"]
[Round "8.4"]
[White "Minasian, Artashes"]
[Black "Becerra Rivero, Julio"]
[Result "1/2-1/2"]
[WhiteElo "2545"]
[BlackElo "2495"]
[Annotator "Bangiev,A"]
[PlyCount "152"]
[EventDate "1997.10.25"]
[EventType "team-tourn"]
[EventRounds "9"]
[EventCountry "SUI"]
[SourceTitle "CBM 062"]
[Source "ChessBase"]
[SourceDate "1998.01.31"]
[SourceVersion "1"]
[SourceVersionDate "1998.01.31"]
[SourceQuality "1"]
[WhiteTeam "Armenia"]
[BlackTeam "Cuba"]
[WhiteTeamCountry "ARM"]
[BlackTeamCountry "CUB"]

1. e4 c5 2. Nc3 Nc6 3. f4 e6 4. Nf3 d5 5. Bb5 Nge7 6. exd5 Nxd5 7. Bxc6+ bxc6
8. Ne5 (8. d3 Bd6 (8... Nxc3 9. bxc3 c4 10. d4 c5 11. O-O cxd4 12. cxd4 Qd5 13.
c3 Bd6 14. Qe2 O-O 15. a4 Re8 16. Nd2 Bc7 17. Rb1 Ba6 18. Ne4 Bb7 19. Nd2 Rab8
20. Rb5 Qd7 21. Qg4 Bd5 22. f5 exf5 23. Qxf5 Be6 24. Qh5 Rxb5 25. axb5 Bd5 26.
Ba3 Ba5 27. Bb2 f6 28. Rf5 Bf7 29. Qf3 Be6 30. Rh5 Bg4 31. Qd5+ Qxd5 32. Rxd5
Re1+ 33. Nf1 Rb1 34. Ba3 Be2 35. Rf5 Bxc3 36. Bc5 Bd2 37. d5 c3 38. d6 Bxf1 39.
Rxf1 c2 40. d7 Rxf1+ 41. Kxf1 c1=Q+ {0-1 Nun,J-Golod,V/Ceske Budejovice op
1993/EXT 93op}) 9. Ne4 (9. g3 f5 10. O-O O-O 11. Bd2 Bd7 12. Re1 Qf6 13. Na4
Rab8 14. b3 Qh6 15. Nb2 Be7 16. Nc4 Bf6 17. Nce5 Be8 18. c4 Nc7 19. Re3 Bh5 20.
Qf1 Bxf3 21. Qxf3 g5 22. Re2 Qg7 23. Qxc6 Bxe5 24. Rxe5 Rbc8 25. Rae1 gxf4 26.
Bxf4 Rfe8 27. Qxc5 Nd5 28. Qf2 Nf6 29. Rxe6 Rxe6 30. Rxe6 Ng4 31. Qe2 Qd4+ 32.
Kg2 Rf8 33. h3 Nf6 34. Be5 Qd8 35. Bxf6 {1-0 Paoli,E-Kaloskambis,M/Kallithea
1976/EXT 97}) 9... Bxf4 10. Bxf4 Nxf4 11. O-O e5 12. Qd2 Ne6 13. Qc3 f6 14.
Nxc5 Nxc5 15. Qxc5 Qb6 16. b4 Qxc5+ 17. bxc5 O-O 18. Nd2 Rb8 19. Rab1 Rb5 20.
Rxb5 cxb5 21. Ne4 Rf7 22. c3 Be6 23. a3 Rc7 24. d4 Bc4 25. Re1 Bd3 26. Nd6 Kf8
27. Kf2 Ke7 28. Ke3 Bc4 29. Ke4 Ke6 30. Nxc4 f5+ 31. Kd3 e4+ 32. Ke3 bxc4 33.
Rb1 Rc6 34. Rb4 Ra6 35. a4 Kd5 36. Kf4 Rg6 37. g3 Rg4+ 38. Ke3 f4+ 39. gxf4 Rh4
40. Rb7 Rh3+ 41. Kf2 Rxc3 42. Rd7+ Kc6 {Eletsky,E-Jorgensen,B/Copenhagen op
1991/TD 91\06/1/2-1/2 (57)}) (8. O-O c4 9. Ne5 Ba6 10. Ne4 c3 11. d3 cxb2 12.
Bxb2 Qb6+ 13. Rf2 Qxb2 14. c4 Qa3 15. cxd5 cxd5 16. Qh5 Qe7 17. Ng5 g6 18. Qd1
Qb4 19. Rb1 Qa3 20. Ngxf7 Rg8 21. d4 Rg7 22. Ng5 Bc8 23. Qg4 h6 24. Nxe6 Ke7
25. Nxg6+ Kd6 26. f5 Bxe6 27. fxe6 Qd3 28. Qf4+ Kc6 29. Ne5+ {1-0 Gnauk,
R-Kersten,U/BL2-O 1994/BL2}) 8... Bd6 9. d3 (9. O-O Nxf4 $5) (9. Nxc6 Nxc3 10.
dxc3 Qc7 $15) 9... Bxe5 $5 (9... O-O 10. Ne4 $5 $36) (9... Qc7 10. Ne4 Bxe5 11.
fxe5 Qxe5 12. O-O O-O 13. Qf3 $5 $36 {/\Nxc5,/\Qf2-> Pc5} Qd4+ 14. Qf2 Qxf2+
15. Rxf2 $14) 10. fxe5 Qh4+ 11. g3 Qd4 $132 12. Nxd5 $5 exd5 (12... Qxe5+ $2
13. Ne3) (12... cxd5 $5 13. Qh5 $5 (13. Qe2 Ba6 14. Rf1 {/\Rf4} c4 $5) 13...
O-O (13... g6 14. Qg5) 14. Rf1 {/\Rf4-h4} Qa4 $5 (14... f6 15. exf6 gxf6 16.
Bh6 Rf7 17. Rf4 $36) 15. Kd1 (15. Rf2 $13) 15... Qd4 (15... Rb8 16. a3 {/\Rf4}
(16. Rf4 Rb4)) 16. Ke2 (16. Rf4 Qg1+ 17. Ke2 c4 18. Rh4 Qg2+ $11) 16... c4 17.
Rf4 cxd3+ 18. cxd3 Qg1 19. Rh4 Qg2+ $11) 13. Qe2 O-O 14. c3 Qg4 15. Be3 {->Pc5}
Qg6 {/\Bf5 -> Pd3} (15... Qxe2+ 16. Kxe2 Re8 17. Bxc5 Rxe5+ 18. Kd2 $14) 16.
Bxc5 Re8 17. Kd2 (17. d4 a5 $5 {/\Ba6 -> /^f1-a6;/\f6 -> Pe5}) 17... f6 (17...
Qg5+ 18. Kc2 (18. Qe3 Qxe3+ 19. Kxe3 f6 $11) 18... f6 (18... Bg4 19. Qf2) 19.
Qf2 $14) 18. d4 $8 Bf5 (18... a5 19. Bd6 Ba6 20. Qe3 $14) 19. Rhf1 Re6 20. Rae1
Rae8 {[%csl Re5]} 21. Qf3 Be4 22. Qf4 $14 {[%csl Ge5,Yf8]} h6 {/\23...fxe5} (
22... fxe5 $4 23. Qf8+ $18) 23. Bd6 c5 $1 24. dxc5 (24. Bxc5 fxe5 25. dxe5 Rxe5
$36 26. Bd4 Rf5 27. Qc7 Rxf1 28. Rxf1 Bd3 29. Rf2 Bb1 $40) 24... fxe5 25. Qe3
Rf6 (25... Bf5 26. b3 $14) 26. Rxf6 Qxf6 27. b3 $1 {/\Kc1-b2} Bg6 $5 {/\28...
Qf5 -> /^b1-h7} (27... Qg6 28. Kc1 Bb1 29. Re2 $16) 28. Kc1 (28. Bxe5 $6 Qa6) (
28. Bxe5 $6 Qa6 $1 29. Ra1 (29. a4 $2 Rxe5 $1 $19) 29... Qa3 $40) 28... Qf5 29.
Kb2 Qc2+ 30. Ka3 d4 $1 31. cxd4 exd4 32. Qc1 Rxe1 $1 (32... d3 33. Qxc2 dxc2
34. Rxe8+ Bxe8 35. Kb2 Bg6 36. b4 $16) 33. Qxe1 d3 34. Bf4 (34. Qe7 $5 {
/\Be5 ->Pg7} Qc1+ (34... d2 $2 35. Qf8+ Kh7 36. Be5 $18) 35. Kb4 Qd2+ 36. Ka3
Qa5+ 37. Kb2 Qd2+ $11 (37... d2 $2 38. Qf8+ Kh7 39. Be5 d1=N+ 40. Ka1 $18))
34... Qxc5+ 35. Qb4 Qg1 36. Qc4+ Kh7 37. Qc7 Qf2 38. Qe7 Qb6 39. Qe3 Qb7 $11
40. Qd4 a6 41. Bd2 Bf5 42. Bc3 Qe7+ 43. Bb4 Qc7 44. Bc3 Qe7+ 45. Qb4 Qd7 46.
Kb2 Qc7 47. Qd4 Qe7 48. Qd5 Qe2+ 49. Ka3 Qe7+ 50. Bb4 Qf6 51. Qc5 Qf7 52. Qc6
Qd7 53. Qxd7 Bxd7 54. Kb2 Bf5 55. Kc3 Kg6 56. Kd4 Kg5 57. Ke3 h5 58. Kf3 Bg4+
59. Ke3 Bf5 60. Kf3 Bg4+ 61. Kf2 Bd1 62. h3 Bc2 63. Bd2+ Kf5 64. Ke3 Bb1 65. a3
Bc2 66. b4 Ke6 67. Ke4 g6 68. Kd4 Kd6 69. Bf4+ Kc6 70. Bd2 Bb3 71. Ke5 Bd5 72.
a4 Bg2 73. h4 Bh3 74. Kd4 Bf5 75. Kc4 Be4 76. Kd4 Bf5 1/2-1/2